|
|
|
|
| LEADER |
01029nam a2200253 4500 |
| 001 |
42119 |
| 003 |
BD-DhAAL |
| 005 |
20240215130302.0 |
| 008 |
240123r19811954ii ||||| |||| 00| 0 ben d |
| 020 |
|
|
|a 9788129520883
|
| 040 |
|
|
|a BD-DhAAL
|d BD-DhAAL
|
| 041 |
|
|
|a ben
|
| 082 |
|
|
|a 891.443
|
| 100 |
|
|
|a বসু, বুদ্ধদেব.
|
| 245 |
|
|
|a সাহিত্যচর্চা /
|c বুদ্ধদেব বসু.
|
| 264 |
|
|
|a কলকাতা :
|b দে'জ পাবলিশিং,
|c ১৯৫৪ [পুণমুর্দ্রণ ১৯৮১].
|
| 300 |
|
|
|a ১৫০ পৃষ্ঠা ;
|c ২২ সে.মি.
|
| 541 |
|
|
|a Donated By Rebecca Dipa Khan
|e 42119
|
| 650 |
|
|
|a Bengali literature.
|
| 650 |
|
|
|a Bengali fiction.
|
| 852 |
|
|
|a Ayesha Abed Library
|c General Stacks
|
| 942 |
|
|
|2 ddc
|c BK
|
| 999 |
|
|
|c 46324
|d 46324
|
| 952 |
|
|
|0 0
|1 0
|2 ddc
|4 0
|6 891_443000000000000_BOS
|7 0
|9 74984
|a BRACUL
|b BRACUL
|c GEN
|d 2024-01-23
|e Donated By Rebecca Dipa Khan
|g 15.00
|l 0
|o 891.443 BOS
|p 3010042119
|r 2024-01-23
|t 1
|w 2024-01-23
|y BK
|